00673nam a2200169Ia 4500003000900000005001700009008004100026040003100067040001300098041000800111100003600119245005100155260003900206300001900245490002100264520021800285IT-RoPAU20220918175740.0120407s9999 xx 000 0 und d aIT-RoPAUc20140509163430.0 cIT-RoPAU aita aPie Discepole del Divin Maestro aLa nostra regola di vita. b4. Vita consacrata c1990aRoma bCasa Generalizia PDDM a194 p.c21 cm vVol. n. 12aPDDM aIndice Sussidi La nostra Regola di Vita 1. Tappe di un cammino (n.4 della serie) 2. Il valore delle costituzioni (n.9 della serie) 3. Vocazione e missione (n.10 della serie) 4. Vita consacrata (n.12 della serie)